[Event "RA-2011-0-00158"]
[Site "LSS email"]
[Date "2011.10.31"]
[Round "?"]
[White "Nichols, Scott"]
[Black "Dob, Gabor"]
[Result "1-0"]
[WhiteElo "2244"]
[BlackElo "2080"]
[PlyCount "123"]
[EventDate "2011.09.26"]
[EventType "tourn (corr)"]
[EventRounds "6"]
[EventCountry "GER"]
[SourceTitle "Telechess CBM 157"]
[Source "ChessBase"]
[SourceDate "2013.11.12"]
[SourceVersion "1"]
[SourceVersionDate "2013.11.12"]
[SourceQuality "1"]

1. Nf3 Nf6 2. g3 d5 3. Bg2 c6 4. 0-0 Bg4 5. c4 e6 6. b3 Nbd7 7. Bb2 Bd6 8. Nc3 0-0 9. d4 Re8 10. h3 Bh5 11. Qd2 h6 12. Nh4 Rb8 13. e4 Nxe4 14. Nxe4 dxe4 15. Bxe4 Qg5 16. Qc3 f5 17. f4 Qf6 18. Bc2 Qe7 19. Nf3 Bxf3 20. Qxf3 Ba3 21. Bc3 Bb4 22. Rae1 Bxc3 23. Qxc3 Qf7 24. Bd1 Nf6 25. Bf3 Rbd8 26. Re2 Rd6 27. Rd1 Kh7 28. Qa5 a6 29. Qe5 Red8 30. g4 Kh8 31. Kh2 Qg6 32. Rg2 R6d7 33. Rdd2 Rf8 34. g5 hxg5 35. fxg5 Nh7 36. h4 Rfd8 37. d5 exd5 38. cxd5 Nf8 39. h5 Qd6 40. Qxd6 Rxd6 41. g6 b6 42. Rd4 Nd7 43. Rc2 Ne5 44. Kg3 Kg8 45. Bg2 cxd5 46. Kf4 Ng4 47. Rxd5 Rxd5 48. Bxd5+ Kf8 49. Bf3 Rd4+ 50. Kg5 Nh6 51. Rc6 Rd2 52. Re6 Rd3 53. Bc6 Rd8 54. a4 a5 55. Kf4 Ng8 56. Bb5 Ne7 57. Bc4 Rd4+ 58. Ke3 Rh4 59. Rxb6 f4+ 60. Ke4 f3+ 61. Kxf3 Nf5 62. Rb5 1-0

[Event "RA-2011-0-00158"]
[Site "LSS email"]
[Date "2011.10.31"]
[Round "?"]
[White "Sciarretta, Robert W"]
[Black "Dob, Gabor"]
[Result "1/2-1/2"]
[WhiteElo "2239"]
[BlackElo "2080"]
[PlyCount "123"]
[EventDate "2011.09.26"]
[EventType "tourn (corr)"]
[EventRounds "6"]
[EventCountry "GER"]
[SourceTitle "Telechess CBM 157"]
[Source "ChessBase"]
[SourceDate "2013.11.12"]
[SourceVersion "1"]
[SourceVersionDate "2013.11.12"]
[SourceQuality "1"]

1. d4 Nf6 2. c4 e6 3. Nc3 Bb4 4. e3 0-0 5. Nf3 c5 6. Bd3 d5 7. 0-0 Nc6 8. a3 Bxc3 9. bxc3 Qc7 10. cxd5 exd5 11. a4 c4 12. Bc2 Re8 13. Nd2 Ng4 14. g3 Qa5 15. Bb2 Nf6 16. Re1 Bg4 17. f3 Bh5 18. Qc1 Qc7 19. Rb1 b6 20. e4 dxe4 21. Nxe4 Qd8 22. Qg5 Bxf3 23. Nxf6+ Qxf6 24. Qxf6 gxf6 25. Ba3 Kg7 26. Bf5 h5 27. h3 Na5 28. Kf2 Bd5 29. h4 Nb3 30. Rxe8 Rxe8 31. Re1 Rxe1 32. Kxe1 Be6 33. Be4 Bd7 34. d5 f5 35. Bf3 Kg6 36. Be2 Bxa4 37. Bxc4 a5 38. Bd6 Nc5 39. Bxc5 bxc5 40. Kd2 Bd7 41. Be2 Ba4 42. Kc1 f6 43. Kb2 Be8 44. d6 Bc6 45. Kb3 Bd7 46. Bd1 f4 47. gxf4 Kf5 48. Kc4 a4 49. Bxh5 Be6+ 50. Kd3 Bd7 51. Bf7 Kxf4 52. Kc4 Kg4 53. h5 Kg5 54. Kxc5 f5 55. Bd5 Kxh5 56. Kb4 Kg5 57. c4 Kf6 58. Bb7 Ke6 59. c5 Ke5 60. Bf3 f4 61. Bd1 Kd5 62. Bf3+ 1/2-1/2

[Event "RA-2011-0-00154"]
[Site "LSS email"]
[Date "2011.09.25"]
[Round "?"]
[White "Ramponelli, Roberto"]
[Black "Dob, Gabor"]
[Result "1/2-1/2"]
[WhiteElo "2144"]
[BlackElo "2080"]
[PlyCount "49"]
[EventDate "2011.09.07"]
[EventType "tourn (corr)"]
[EventRounds "6"]
[EventCountry "GER"]
[SourceTitle "Telechess CBM 157"]
[Source "ChessBase"]
[SourceDate "2013.11.12"]
[SourceVersion "1"]
[SourceVersionDate "2013.11.12"]
[SourceQuality "1"]

1. e4 e6 2. d4 d5 3. Nc3 Bb4 4. e5 c5 5. a3 Bxc3+ 6. bxc3 Ne7 7. Qg4 0-0 8. Bd3 Nbc6 9. Qh5 Ng6 10. Nf3 Qc7 11. Be3 c4 12. Bxg6 fxg6 13. Qg4 Bd7 14. h4 Rf5 15. h5 gxh5 16. Rxh5 Rxh5 17. Qxh5 Be8 18. Qh3 Nd8 19. Bg5 Bf7 20. Kd2 Qd7 21. Rh1 Bg6 22. Bxd8 Rxd8 23. Ng5 Re8 24. Nxh7 Qa4 25. Nf6+ 1/2-1/2

[Event "SB-2011-0-00173"]
[Site "LSS email"]
[Date "2011.09.05"]
[Round "?"]
[White "Dob, Gabor"]
[Black "Korchut, Adam"]
[Result "1-0"]
[WhiteElo "2081"]
[BlackElo "1753"]
[PlyCount "107"]
[EventDate "2011.08.09"]
[EventType "tourn (corr)"]
[EventRounds "6"]
[EventCountry "GER"]
[SourceTitle "Telechess CBM 153"]
[Source "ChessBase"]
[SourceDate "2013.03.14"]
[SourceVersion "1"]
[SourceVersionDate "2013.03.14"]
[SourceQuality "1"]

1. e4 e5 2. Nf3 Nc6 3. Bb5 a6 4. Ba4 Nf6 5. 0-0 Be7 6. Re1 b5 7. Bb3 d6 8. c3 0-0 9. h3 Nb8 10. d4 Nbd7 11. Nbd2 Bb7 12. Bc2 Re8 13. Nf1 Bf8 14. Ng3 g6 15. b3 d5 16. Nxe5 Nxe5 17. dxe5 Rxe5 18. f4 Re8 19. e5 Nd7 20. Qg4 Bg7 21. Be3 Qe7 22. Bf2 c5 23. Rad1 Nf8 24. Ne2 Rac8 25. Bb1 h5 26. Qg3 Qc7 27. a3 Ne6 28. b4 Rb8 29. Be3 Rbc8 30. Rf1 Re7 31. Qf2 a5 32. Kh1 axb4 33. axb4 cxb4 34. cxb4 Qc6 35. f5 gxf5 36. Bxf5 Bxe5 37. Nd4 Qe8 38. Qh4 Rc4 39. Bxe6 fxe6 40. Qg5+ Bg7 41. Nxb5 Rd7 42. Bc5 Kh7 43. Nd6 Rxd6 44. Bxd6 Bc6 45. Rd3 Bh6 46. Qg3 h4 47. Qf2 e5 48. b5 Rf4 49. Qa7+ Qd7 50. Qxd7+ Bxd7 51. Rxf4 exf4 52. Rxd5 f3 53. gxf3 Bxh3 54. b6 1-0

[Event "SB-2011-0-00173"]
[Site "LSS email"]
[Date "2011.09.04"]
[Round "?"]
[White "Svrsek, Radomir Jr"]
[Black "Dob, Gabor"]
[Result "1/2-1/2"]
[WhiteElo "2010"]
[BlackElo "2081"]
[PlyCount "42"]
[EventDate "2011.08.09"]
[EventType "tourn (corr)"]
[EventRounds "6"]
[EventCountry "GER"]
[SourceTitle "Telechess CBM 153"]
[Source "ChessBase"]
[SourceDate "2013.03.14"]
[SourceVersion "1"]
[SourceVersionDate "2013.03.14"]
[SourceQuality "1"]

1. e4 e6 2. d4 d5 3. e5 c5 4. c3 Nc6 5. Nf3 Qb6 6. a3 c4 7. Nbd2 Na5 8. Rb1 Bd7 9. h3 Nh6 10. Be2 Nf5 11. 0-0 Be7 12. g4 Nh4 13. Nxh4 Bxh4 14. g5 h6 15. gxh6 gxh6 16. Bh5 0-0-0 17. Nf3 Be7 18. Bxf7 Rdf8 19. Bh5 Rf5 20. Bg4 Rff8 21. Bh5 Rf5 1/2-1/2

[Event "RB-2011-0-00120"]
[Site "LSS email"]
[Date "2011.06.30"]
[Round "?"]
[White "Kolanek, Roman"]
[Black "Dob, Gabor"]
[Result "1/2-1/2"]
[WhiteElo "2037"]
[BlackElo "2070"]
[PlyCount "41"]
[EventDate "2011.06.08"]
[EventType "tourn (corr)"]
[EventRounds "6"]
[EventCountry "GER"]
[SourceTitle "Telechess CBM 151"]
[Source "ChessBase"]
[SourceDate "2012.11.13"]
[SourceVersion "1"]
[SourceVersionDate "2012.11.13"]
[SourceQuality "1"]

1. e4 e6 2. d4 d5 3. Nc3 Bb4 4. e5 c5 5. a3 Bxc3+ 6. bxc3 Qc7 7. Nf3 Ne7 8. a4 b6 9. Bb5+ Bd7 10. 0-0 Nbc6 11. Ba3 Na5 12. Qd3 0-0 13. Ng5 Ng6 14. h4 Rfd8 15. h5 Nf8 16. h6 gxh6 17. Nf3 cxd4 18. Qxd4 Bxb5 19. axb5 Rac8 20. Bb4 Ng6 21. Rfe1 1/2-1/2

[Event "RB-2011-0-00120"]
[Site "LSS email"]
[Date "2011.06.30"]
[Round "?"]
[White "Sherwood, Russell"]
[Black "Dob, Gabor"]
[Result "1/2-1/2"]
[WhiteElo "1963"]
[BlackElo "2070"]
[PlyCount "47"]
[EventDate "2011.06.08"]
[EventType "tourn (corr)"]
[EventRounds "6"]
[EventCountry "GER"]
[SourceTitle "Telechess CBM 151"]
[Source "ChessBase"]
[SourceDate "2012.11.13"]
[SourceVersion "1"]
[SourceVersionDate "2012.11.13"]
[SourceQuality "1"]

1. e4 e6 2. d4 d5 3. Nc3 Bb4 4. e5 c5 5. a3 Bxc3+ 6. bxc3 Ne7 7. Qg4 0-0 8. Bd3 Nbc6 9. Qh5 Ng6 10. Nf3 Qc7 11. Be3 c4 12. Bxg6 fxg6 13. Qg4 Bd7 14. h4 Rf5 15. h5 gxh5 16. Rxh5 Rxh5 17. Qxh5 Be8 18. Qh3 Nd8 19. Bg5 Bf7 20. 0-0-0 Qd7 21. Rh1 Bg6 22. Nh4 Qe8 23. Bxd8 Rxd8 24. Qg3 1/2-1/2

[Event "RB-2011-0-00119"]
[Site "LSS email"]
[Date "2011.06.23"]
[Round "?"]
[White "Dob, Gabor"]
[Black "Sherwood, Russell"]
[Result "1-0"]
[WhiteElo "1924"]
[BlackElo "1862"]
[PlyCount "83"]
[EventDate "2011.05.30"]
[EventType "tourn (corr)"]
[EventRounds "6"]
[EventCountry "GER"]
[SourceTitle "Telechess CBM 147"]
[Source "ChessBase"]
[SourceDate "2012.03.16"]
[SourceVersion "1"]
[SourceVersionDate "2012.03.16"]
[SourceQuality "1"]

1. e4 e5 2. Nf3 Nc6 3. Bb5 a6 4. Ba4 Nf6 5. 0-0 Be7 6. Re1 b5 7. Bb3 d6 8. c3 0-0 9. h3 Bb7 10. d4 Re8 11. Nbd2 Bf8 12. a4 h6 13. Bc2 exd4 14. cxd4 Nb4 15. Bb1 c5 16. d5 g6 17. Nf1 Bg7 18. axb5 axb5 19. Rxa8 Qxa8 20. Bf4 Qd8 21. Ng3 Qb6 22. Qd2 Kh7 23. Rc1 Qd8 24. Be3 Qd7 25. Bf4 Qe7 26. Re1 Qd7 27. Nh4 Ng8 28. Qc1 Ra8 29. Bd2 Na2 30. Qc2 Ne7 31. Nh5 Be5 32. Nf3 Bh8 33. e5 Bxd5 34. Nf6+ Bxf6 35. exf6 Nc6 36. Nh4 Nab4 37. Qd1 Kh8 38. Bxh6 Kg8 39. Qd2 Re8 40. Rxe8+ Qxe8 41. Nf5 Nd3 42. Bxd3 1-0

[Event "OP-2011-0-01582"]
[Site "LSS email"]
[Date "2011.06.09"]
[Round "?"]
[White "Jablonski, Czeslaw"]
[Black "Dob, Gabor"]
[Result "1/2-1/2"]
[WhiteElo "1447"]
[BlackElo "1915"]
[PlyCount "74"]
[EventDate "2011.06.06"]
[EventType "tourn (corr)"]
[EventRounds "4"]
[EventCountry "GER"]
[SourceTitle "Telechess CBM 145"]
[Source "Chessbase"]
[SourceDate "2011.11.11"]
[SourceVersion "1"]
[SourceVersionDate "2011.11.11"]
[SourceQuality "1"]

1. e4 e6 2. d4 d5 3. Nc3 Bb4 4. a3 Bxc3+ 5. bxc3 dxe4 6. Qg4 Nf6 7. Qxg7 Rg8 8. Qh6 Rg6 9. Qe3 Nc6 10. Ne2 Ne7 11. c4 Nf5 12. Qc3 b6 13. a4 a5 14. d5 exd5 15. cxd5 Nxd5 16. Qh8+ Ke7 17. Ba3+ Nd6 18. Qe5+ Be6 19. 0-0-0 Nb4 20. Nf4 Qh8 21. Nxg6+ hxg6 22. Qxh8 Rxh8 23. Be2 Nd5 24. Rde1 Nc3 25. Bb5 Ncxb5 26. axb5 Bd5 27. Re3 Kd7 28. Bxd6 Kxd6 29. Rc3 f6 30. Rd1 Rh7 31. h4 Ke6 32. g3 f5 33. Kb2 Rd7 34. Ra3 Rd6 35. Rc3 Rd7 36. Kb1 Rf7 37. Rd4 Rd7 1/2-1/2

[Event "SB-2011-0-00157"]
[Site "LSS email"]
[Date "2011.06.04"]
[Round "?"]
[White "Bytchek, Vladislav"]
[Black "Dob, Gabor"]
[Result "0-1"]
[WhiteElo "1969"]
[BlackElo "2070"]
[PlyCount "94"]
[EventDate "2011.05.22"]
[EventType "tourn (corr)"]
[EventRounds "6"]
[EventCountry "GER"]
[SourceTitle "Telechess CBM 149"]
[Source "ChessBase"]
[SourceDate "2012.07.17"]
[SourceVersion "1"]
[SourceVersionDate "2012.07.17"]
[SourceQuality "1"]

1. e4 e6 2. d4 d5 3. Nc3 Bb4 4. e5 c5 5. a3 Bxc3+ 6. bxc3 Ne7 7. Nf3 Bd7 8. dxc5 Ba4 9. Rb1 Nd7 10. Rxb7 Nxc5 11. Rb4 Qa5 12. Bd2 0-0 13. c4 Qc7 14. cxd5 Nxd5 15. Rd4 Rab8 16. Bb4 Rfd8 17. Be2 Ne4 18. 0-0 Nxb4 19. axb4 Nc3 20. Qd2 Nxe2+ 21. Qxe2 Rxd4 22. Nxd4 Rxb4 23. Qd3 h6 24. f4 Rc4 25. Rc1 a5 26. c3 Be8 27. h3 a4 28. Kh2 a3 29. Qe3 Qc5 30. Qd2 Bc6 31. Qc2 Bd5 32. h4 Qa5 33. h5 a2 34. Qb2 Rc8 35. Nf3 Qa7 36. Nd4 Rb8 37. Qa1 Qe7 38. Kg3 Qa3 39. Nc2 Qa8 40. Rd1 Bxg2 41. Nd4 Be4 42. Rd2 Bd5 43. Rd1 Qa4 44. Rc1 Qc4 45. Kh4 Qd3 46. Rd1 Qe3 47. Kg4 Bg2 0-1

[Event "SB-2011-0-00157"]
[Site "LSS email"]
[Date "2011.06.02"]
[Round "?"]
[White "Dob, Gabor"]
[Black "Sorcinelli, Andrea"]
[Result "1/2-1/2"]
[WhiteElo "2070"]
[BlackElo "1994"]
[PlyCount "72"]
[EventDate "2011.05.22"]
[EventType "tourn (corr)"]
[EventRounds "6"]
[EventCountry "GER"]
[SourceTitle "Telechess CBM 149"]
[Source "ChessBase"]
[SourceDate "2012.07.17"]
[SourceVersion "1"]
[SourceVersionDate "2012.07.17"]
[SourceQuality "1"]

1. e4 c5 2. Nf3 d6 3. d4 cxd4 4. Nxd4 Nf6 5. Nc3 a6 6. Be3 e5 7. Nb3 Be6 8. Be2 Be7 9. 0-0 0-0 10. Qd2 Nbd7 11. a4 Rc8 12. a5 Nc5 13. Nxc5 dxc5 14. Qxd8 Rfxd8 15. f3 c4 16. Kf2 Kf8 17. Rfd1 Rxd1 18. Rxd1 Rd8 19. Ra1 Rc8 20. g3 h5 21. Ra4 Nd7 22. Kg2 g6 23. Bd2 Nc5 24. Ra1 Rd8 25. Bh6+ Ke8 26. Be3 Nd7 27. Rd1 Rc8 28. Kf2 Nb8 29. Nd5 Bxd5 30. exd5 Bc5 31. g4 h4 32. Ra1 Bxe3+ 33. Kxe3 Rc5 34. Ra4 Rxd5 35. Bxc4 Rc5 36. g5 Nc6 1/2-1/2

[Event "RB-2011-0-00111"]
[Site "LSS email"]
[Date "2011.04.14"]
[Round "?"]
[White "Burns, Stephen F"]
[Black "Dob, Gabor"]
[Result "1/2-1/2"]
[WhiteElo "1961"]
[BlackElo "1915"]
[PlyCount "45"]
[EventDate "2011.03.08"]
[EventType "tourn (corr)"]
[EventRounds "6"]
[EventCountry "GER"]
[SourceTitle "Corr 2013"]
[Source "ChessBase"]
[SourceDate "2012.11.12"]
[SourceVersion "1"]
[SourceVersionDate "2012.11.12"]
[SourceQuality "1"]

1. e4 e6 2. d4 d5 3. exd5 exd5 4. c4 Nf6 5. Nc3 Bb4 6. Bd3 0-0 7. Nge2 dxc4 8. Bxc4 Nc6 9. 0-0 Bf5 10. Bg5 h6 11. Bh4 Be7 12. Rc1 Rb8 13. Re1 a6 14. a3 Re8 15. Bd3 Bxd3 16. Qxd3 b5 17. f3 Ne5 18. Qc2 Nc4 19. Bf2 Nd5 20. Nxd5 Qxd5 21. Nc3 Qd7 22. Ne4 Qd5 23. Re2 1/2-1/2

[Event "RB-2011-0-00111"]
[Site "LSS email"]
[Date "2011.04.14"]
[Round "?"]
[White "Markoja, Johann"]
[Black "Dob, Gabor"]
[Result "1/2-1/2"]
[WhiteElo "1934"]
[BlackElo "1915"]
[PlyCount "95"]
[EventDate "2011.03.08"]
[EventType "tourn (corr)"]
[EventRounds "6"]
[EventCountry "GER"]
[SourceTitle "Telechess CBM 147"]
[Source "ChessBase"]
[SourceDate "2012.03.16"]
[SourceVersion "1"]
[SourceVersionDate "2012.03.16"]
[SourceQuality "1"]

1. e4 e6 2. d4 d5 3. Nc3 Nf6 4. e5 Nfd7 5. f4 c5 6. Nf3 Nc6 7. Be3 a6 8. Qd2 b5 9. a3 Qb6 10. Ne2 Qc7 11. dxc5 Nxc5 12. Nc3 Bb7 13. Qf2 Na5 14. Nd2 Be7 15. Be2 0-0 16. 0-0 Nc4 17. Nxc4 dxc4 18. Rad1 Ne4 19. Nxe4 Bxe4 20. c3 Rab8 21. Bd4 Rfd8 22. Qe3 Qc6 23. Bf3 Bxf3 24. Rxf3 Rd7 25. f5 exf5 26. Rxf5 Re8 27. Rdf1 Bd8 28. Qf2 Qe6 29. h4 h6 30. Qg3 Bb6 31. Qf2 Bxd4 32. cxd4 Rc8 33. Rf3 a5 34. Rd1 b4 35. axb4 axb4 36. Qg3 Qc6 37. Qg4 Rcd8 38. Rf6 Qd5 39. Rxh6 c3 40. bxc3 bxc3 41. Rd3 c2 42. Rc3 Qxd4+ 43. Qxd4 Rxd4 44. Rhc6 Rxh4 45. Rc8 Rhd4 46. Rxc2 Kf8 47. Kf2 Rxc8 48. Rxc8+ 1/2-1/2

[Event "RB-2011-0-00110"]
[Site "LSS email"]
[Date "2011.04.07"]
[Round "?"]
[White "Smith, Douglas Royston"]
[Black "Dob, Gabor"]
[Result "1/2-1/2"]
[WhiteElo "1766"]
[BlackElo "1915"]
[PlyCount "73"]
[EventDate "2011.02.17"]
[EventType "tourn (corr)"]
[EventRounds "6"]
[EventCountry "GER"]
[SourceTitle "Telechess CBM 147"]
[Source "ChessBase"]
[SourceDate "2012.03.16"]
[SourceVersion "1"]
[SourceVersionDate "2012.03.16"]
[SourceQuality "1"]

1. Nf3 Nf6 2. g3 b6 3. c4 c5 4. Bg2 Bb7 5. 0-0 e6 6. Nc3 Be7 7. b3 0-0 8. Bb2 d6 9. e3 Nbd7 10. d4 cxd4 11. exd4 a6 12. Re1 Re8 13. Qd2 Rb8 14. Qd3 Bf8 15. d5 e5 16. b4 b5 17. cxb5 axb5 18. Nd2 Nb6 19. a3 Be7 20. Rac1 Ba8 21. Rc2 Qd7 22. Rec1 Qg4 23. h3 Qd7 24. Qxb5 Qxb5 25. Nxb5 Nfxd5 26. Ne4 Rbd8 27. h4 g6 28. Nec3 Nxc3 29. Bxc3 Bxg2 30. Kxg2 Rd7 31. Ba1 f6 32. Rc6 Rb8 33. Nc7 Kf7 34. f4 Rb7 35. g4 Bd8 36. Nb5 Be7 37. Nc7 1/2-1/2

[Event "RB-2011-0-00110"]
[Site "LSS email"]
[Date "2011.04.02"]
[Round "?"]
[White "Morcin, Tom"]
[Black "Dob, Gabor"]
[Result "1/2-1/2"]
[WhiteElo "1861"]
[BlackElo "1915"]
[PlyCount "79"]
[EventDate "2011.02.17"]
[EventType "tourn (corr)"]
[EventRounds "6"]
[EventCountry "GER"]
[SourceTitle "Telechess CBM 147"]
[Source "ChessBase"]
[SourceDate "2012.03.16"]
[SourceVersion "1"]
[SourceVersionDate "2012.03.16"]
[SourceQuality "1"]

1. e4 e6 2. d4 d5 3. Nd2 c5 4. exd5 Qxd5 5. Ngf3 cxd4 6. Bc4 Qd6 7. 0-0 Nf6 8. Nb3 Nc6 9. Nbxd4 Nxd4 10. Nxd4 a6 11. Bd3 Bd7 12. Nf3 Qc7 13. Re1 Bd6 14. Qe2 0-0 15. Ne5 Rfd8 16. a4 Be8 17. Bg5 Bxe5 18. Qxe5 Qxe5 19. Rxe5 Nd7 20. Re4 f6 21. Be3 Ne5 22. Be2 Bg6 23. Rb4 Bxc2 24. Rxb7 Bd3 25. Bxd3 Nxd3 26. a5 Rd5 27. g3 f5 28. Ra3 Rc8 29. Rb6 e5 30. Rxa6 f4 31. Bb6 Nxb2 32. Ra7 Nc4 33. Rb3 h5 34. Kg2 Kh7 35. h4 Rc6 36. Kh3 Rg6 37. Rb4 Nxb6 38. Rxb6 fxg3 39. Rxg6 Kxg6 40. Kxg3 1/2-1/2

[Event "RB-2011-0-00108"]
[Site "LSS email"]
[Date "2011.03.19"]
[Round "?"]
[White "Grego, Luis Jose Gonzaga"]
[Black "Dob, Gabor"]
[Result "1/2-1/2"]
[WhiteElo "1953"]
[BlackElo "1915"]
[PlyCount "39"]
[EventDate "2011.02.02"]
[EventType "tourn (corr)"]
[EventRounds "6"]
[EventCountry "GER"]
[SourceTitle "Corr 2013"]
[Source "ChessBase"]
[SourceDate "2012.11.12"]
[SourceVersion "1"]
[SourceVersionDate "2012.11.12"]
[SourceQuality "1"]

1. d4 Nf6 2. c4 e6 3. Nc3 Bb4 4. Nf3 b6 5. Bg5 Bb7 6. e3 Bxc3+ 7. bxc3 d6 8. Bd3 Nbd7 9. 0-0 h6 10. Bh4 g5 11. Bg3 Ne4 12. Nd2 Ndf6 13. Nxe4 Nxe4 14. Qc2 f5 15. f3 Nxg3 16. hxg3 Qd7 17. e4 fxe4 18. Bxe4 0-0-0 19. a4 a5 20. Rfe1 1/2-1/2

[Event "RB-2011-0-00106"]
[Site "LSS email"]
[Date "2011.02.18"]
[Round "?"]
[White "Baer, Werner"]
[Black "Dob, Gabor"]
[Result "0-1"]
[WhiteElo "1911"]
[BlackElo "1875"]
[PlyCount "72"]
[EventDate "2011.01.05"]
[EventType "tourn (corr)"]
[EventRounds "6"]
[EventCountry "GER"]
[SourceTitle "Telechess CBM 145"]
[Source "Chessbase"]
[SourceDate "2011.11.11"]
[SourceVersion "1"]
[SourceVersionDate "2011.11.11"]
[SourceQuality "1"]

1. d4 Nf6 2. Nf3 e6 3. g3 b5 4. Bg2 Bb7 5. 0-0 c5 6. Be3 cxd4 7. Nxd4 Bxg2 8. Kxg2 a6 9. c4 bxc4 10. Qa4 Be7 11. Nd2 c3 12. bxc3 0-0 13. N2f3 d6 14. Rab1 Qc7 15. Rb2 Rc8 16. Rfb1 Qd7 17. Qc2 Qe8 18. Bg5 d5 19. Ne5 h6 20. Be3 Bd6 21. Nd3 e5 22. Nf5 Bf8 23. f3 d4 24. Bd2 dxc3 25. Bxc3 Nd5 26. Rxb8 Raxb8 27. Rxb8 Rxb8 28. Bxe5 Nb4 29. Qd2 Rb5 30. Bxg7 Rxf5 31. Bxf8 Nxd3 32. Qxd3 Re5 33. Bxh6 Rxe2+ 34. Kf1 Rxh2 35. Be3 Rxa2 36. Kg1 a5 0-1

[Event "RB-2011-0-00106"]
[Site "LSS email"]
[Date "2011.02.18"]
[Round "?"]
[White "Dob, Gabor"]
[Black "Kasabasic, Djordje"]
[Result "0-1"]
[WhiteElo "1875"]
[BlackElo "1926"]
[PlyCount "50"]
[EventDate "2011.01.05"]
[EventType "tourn (corr)"]
[EventRounds "6"]
[EventCountry "GER"]
[SourceTitle "Telechess CBM 145"]
[Source "Chessbase"]
[SourceDate "2011.11.11"]
[SourceVersion "1"]
[SourceVersionDate "2011.11.11"]
[SourceQuality "1"]

1. e4 c5 2. Nf3 d6 3. d4 cxd4 4. Nxd4 Nf6 5. Nc3 a6 6. Be3 e5 7. Nb3 Be6 8. Qd2 Nbd7 9. f3 b5 10. 0-0-0 Be7 11. g4 0-0 12. g5 b4 13. Ne2 Ne8 14. f4 a5 15. f5 a4 16. Nbd4 exd4 17. Nxd4 b3 18. Kb1 bxc2+ 19. Nxc2 Bb3 20. axb3 axb3 21. Na3 Ne5 22. h4 Ra5 23. Qc3 Qa8 24. Bg2 Nc7 25. Qxc7 Rc8 0-1

[Event "RB-2011-0-00106"]
[Site "LSS email"]
[Date "2011.02.14"]
[Round "?"]
[White "Ponting, Andrew"]
[Black "Dob, Gabor"]
[Result "0-1"]
[WhiteElo "1620"]
[BlackElo "1875"]
[PlyCount "52"]
[EventDate "2011.01.05"]
[EventType "tourn (corr)"]
[EventRounds "6"]
[EventCountry "GER"]
[SourceTitle "Telechess CBM 145"]
[Source "Chessbase"]
[SourceDate "2011.11.11"]
[SourceVersion "1"]
[SourceVersionDate "2011.11.11"]
[SourceQuality "1"]

1. d4 Nf6 2. c4 e6 3. Nc3 Bb4 4. Nf3 b6 5. Bg5 Bb7 6. Nd2 h6 7. Bh4 0-0 8. e4 Be7 9. Bg3 d6 10. Be2 Nc6 11. Nf3 Nh5 12. d5 Nxg3 13. dxc6 Nxh1 14. cxb7 Rb8 15. Kf1 c6 16. Kg1 Nxf2 17. Kxf2 Qc7 18. Qd2 Rfd8 19. Rd1 Bf6 20. Kg1 Qxb7 21. Qe3 Rbc8 22. b3 Qa6 23. a4 Qa5 24. Na2 d5 25. exd5 cxd5 26. cxd5 Rxd5 0-1

[Event "LSS RC-2010-0-00057"]
[Site "LSS email"]
[Date "2010.12.23"]
[Round "?"]
[White "Dob, Gabor"]
[Black "Elias, Holger"]
[Result "1/2-1/2"]
[WhiteElo "1855"]
[BlackElo "1812"]
[PlyCount "57"]
[EventDate "2010.10.29"]
[EventType "tourn (corr)"]
[EventRounds "6"]
[EventCountry "GER"]
[SourceTitle "Telechess CBM 145"]
[Source "Chessbase"]
[SourceDate "2011.11.11"]
[SourceVersion "1"]
[SourceVersionDate "2011.11.11"]
[SourceQuality "1"]

1. e4 e5 2. Nf3 Nc6 3. Bb5 a6 4. Ba4 Nf6 5. 0-0 Be7 6. Re1 b5 7. Bb3 d6 8. c3 0-0 9. h3 Na5 10. Bc2 c5 11. d4 Qc7 12. Nbd2 cxd4 13. cxd4 Re8 14. b3 Nc6 15. Bb2 Qb6 16. Nf1 g6 17. d5 Nb4 18. Bb1 a5 19. a3 Na6 20. b4 Bd7 21. Qd2 Nh5 22. Ne3 Nf4 23. Bc2 Rec8 24. Rac1 axb4 25. axb4 Qd8 26. Ra1 Nc7 27. Bb3 Rxa1 28. Rxa1 Na8 29. Ng4 1/2-1/2

[Event "LSS RC-2010-0-00057"]
[Site "LSS email"]
[Date "2010.12.23"]
[Round "?"]
[White "Hlavacek, Ladislav"]
[Black "Dob, Gabor"]
[Result "1/2-1/2"]
[WhiteElo "1730"]
[BlackElo "1855"]
[PlyCount "101"]
[EventDate "2010.10.29"]
[EventType "tourn (corr)"]
[EventRounds "6"]
[EventCountry "GER"]
[SourceTitle "Telechess CBM 145"]
[Source "Chessbase"]
[SourceDate "2011.11.11"]
[SourceVersion "1"]
[SourceVersionDate "2011.11.11"]
[SourceQuality "1"]

1. Nf3 Nf6 2. d4 e6 3. c4 b6 4. Nc3 Bb7 5. a3 d5 6. cxd5 Nxd5 7. e3 Be7 8. Bb5+ c6 9. Nxd5 Qxd5 10. Bd3 0-0 11. Qc2 Qh5 12. Ne5 c5 13. Be4 Bd5 14. 0-0 Rd8 15. Bxd5 exd5 16. h3 Bd6 17. Nf3 Nd7 18. Bd2 Nf6 19. Rac1 c4 20. Bb4 Ne4 21. Nd2 Nxd2 22. Bxd2 f5 23. Qa4 Qe8 24. Qa6 Qd7 25. a4 Re8 26. Rfd1 Rab8 27. b3 cxb3 28. Qb5 Qxb5 29. axb5 Rbc8 30. Rb1 Rc2 31. Rxb3 Rec8 32. g3 R8c4 33. Kg2 Kf7 34. Be1 Ra2 35. Rbb1 g5 36. Ra1 Rxa1 37. Rxa1 Bb8 38. Rb1 Rc2 39. Rb3 Ke6 40. g4 f4 41. Rc3 Rb2 42. Rc8 Bd6 43. exf4 Bxf4 44. Re8+ Kf7 45. Ra8 Rxb5 46. Rxa7+ Kg6 47. Ra4 Rb1 48. Bb4 Rb2 49. Kf3 Rb1 50. Kg2 h5 51. Be7 1/2-1/2

[Event "LSS SC-2010-0-00080"]
[Site "LSS email"]
[Date "2010.12.02"]
[Round "?"]
[White "Eide, John Henning"]
[Black "Dob, Gabor"]
[Result "1/2-1/2"]
[WhiteElo "1724"]
[BlackElo "1915"]
[PlyCount "73"]
[EventDate "2010.10.15"]
[EventType "tourn (corr)"]
[EventRounds "6"]
[EventCountry "GER"]
[SourceTitle "Telechess CBM 147"]
[Source "ChessBase"]
[SourceDate "2012.03.16"]
[SourceVersion "1"]
[SourceVersionDate "2012.03.16"]
[SourceQuality "1"]

1. d4 Nf6 2. c4 e6 3. Nf3 b6 4. Nc3 Bb7 5. a3 d5 6. Bg5 Be7 7. cxd5 Nxd5 8. Bxe7 Qxe7 9. Nxd5 Bxd5 10. Qc2 0-0 11. e4 Bb7 12. Bd3 Rc8 13. e5 g6 14. Be4 c5 15. 0-0 cxd4 16. Qd3 Ba6 17. Qxd4 Nc6 18. Qa4 Bxf1 19. Bxc6 b5 20. Qa6 Bc4 21. Bxa8 Rxa8 22. Re1 Rd8 23. h3 Rd7 24. Re3 Rd1+ 25. Kh2 Rb1 26. Qc8+ Kg7 27. b4 Rd1 28. Rc3 Rd5 29. Kg3 h6 30. Re3 Rd8 31. Qc6 Rd7 32. Qe4 Bd5 33. Qf4 Rc7 34. Kh2 g5 35. Qg3 Rc4 36. Ne1 a6 37. Nf3 1/2-1/2